La cultura y la literatura Iberoamericanas

Guardat en:
Dades bibliogràfiques
Format: Llibre
Idioma:espanyol
Publicat: Ciudad de México Andrea 1957
Col·lecció:Colección Studium, 16
Matèries:
Etiquetes: Afegir etiqueta
Sense etiquetes, Sigues el primer a etiquetar aquest registre!

MARC

LEADER 00000nam a2200000 a 4500
001 UCX5433
003 CL-VaPUC
005 20220315074410.0
008 921113e19570000mx 1 spa d
082 0 4 |a H860.9  |b CUL  |2 21 
245 1 3 |a La cultura y la literatura Iberoamericanas 
260 |a Ciudad de México  |b Andrea  |c 1957 
300 |a 236 p 
490 0 |a Colección Studium, 16 
583 |a last modification  |c 19921113 00:00:00  |k Rodrigo Vera 
650 0 0 |a Literatura hispanoamericana  |9 269097 
650 0 0 |a Congresos  |9 257560 
942 |c BK 
945 |d 19921113 00:00:00 
546 |a En Español 
518 |p Memorias del Septimo Congreso del Instituto Internacional Iberoamericano, Berkeley, California, 1955 
999 |c 382156  |d 382154 
952 |0 0  |1 0  |4 0  |6 H_860_900000000000000_CUL_1957  |7 0  |8 A  |9 503711  |a BIBEDU  |b BIBEDU  |d 2020-01-23  |i 2922487  |o H860.9 CUL 1957  |p 2922487  |r 2020-01-23  |w 2020-01-23  |y BK  |k LIT